Top 100 highest rated teams in FC 25 - Statistics

General Stats
  • This quiz has been taken 220 times
  • The average score is 41 of 100
Answer Stats
Rating League Team % Correct
86 Premier League Manchester City
97%
86 La Liga Real Madrid
94%
84 Premier League Arsenal
92%
84 Premier League Liverpool
90%
81 Premier League Manchester United
90%
83 La Liga FC Barcelona
88%
83 Serie A Inter
87%
80 Premier League Chelsea
85%
82 Ligue 1 Paris Saint Germain
85%
82 La Liga Atletico Madrid
84%
83 Bundesliga Bayer 04 Leverkusen
83%
84 Bundesliga FC Bayern Munchen
83%
81 Bundesliga Borussia Dortmund
80%
81 Serie A Milan
79%
80 Premier League Aston Villa
77%
80 Serie A Juventus
72%
81 Premier League Newcastle United
70%
80 Serie A Napoli
63%
77 Premier League Brighton & Hove Albion
60%
77 Ligue 1 Olympique Lyonnais
58%
80 Serie A Roma
57%
76 Premier League Everton
56%
79 Premier League West Ham United
56%
79 Süper Lig Galatasaray
55%
75 Eredivisie Ajax
54%
76 Saudi Pro League Al Nassr
53%
77 Premier League Nottingham Forest
53%
77 La Liga Sevilla
53%
79 Saudi Pro League Al Hilal
51%
78 Serie A Lazio
51%
76 Premier League Leicester City
50%
77 Premier League Wolverhampton Wanderers
50%
77 Ligue 1 Olympique Marseille
49%
80 Bundesliga RB Leipzig
49%
77 La Liga Valencia
48%
79 Serie A Atalanta
47%
78 Premier League Crystal Palace
47%
76 Premier League Fulham
47%
77 Ligue 1 Monaco
47%
78 Primeira Liga Benfica
46%
76 Premier League Brentford
46%
77 Primeira Liga Porto
45%
77 Eredivisie PSV
45%
77 La Liga Real Betis
45%
78 Primeira Liga Sporting CP
45%
77 Bundesliga Eintracht Frankfurt
41%
79 Süper Lig Fenerbahce
41%
78 La Liga Real Sociedad
41%
75 Premier League Southampton
41%
76 Eredivisie Feyenoord
39%
77 Serie A Fiorentina
37%
78 La Liga Girona
37%
74 EFL Championship Leeds United
37%
76 Süper Lig Beşiktaş
36%
81 Premier League Tottenham Hotspurs
36%
74 Premier League Ipswich Town
35%
76 Ligue 1 Nice
34%
76 Argentina Primera Liga River Plate
34%
77 La Liga Villareal
34%
76 Bundesliga VFB Stuttgart
32%
76 Bundesliga VFL Wolfsburg
32%
74 Argentina Primera League Boca Juniors
31%
77 Serie A Bologna
29%
74 Bundesliga Werder Bremen
29%
80 La Liga Athletic Club
28%
74 Scottish Premiership Rangers
28%
76 Serie A Torino
28%
75 Bundesliga Borussia Monchengladbach
27%
76 Brasil Serie A Flamengo
27%
74 La Liga Getafe
26%
75 Saudi Pro League Al Ittihad
24%
76 La Liga Mallorca
23%
75 Greek Super League Panathinaikos
22%
75 Ligue 1 Rennes
22%
75 Greek Super League AEK Athens
21%
76 Ligue 1 Lens
21%
76 La Liga Osasuna
21%
76 Brasil Serie A Palmeiras
21%
74 Greek Super League PAOK
21%
76 Bundesliga SC Freiburg
21%
75 La Liga Las Palmas
18%
76 La Liga Rayo Vallecano
18%
74 Bundesliga FC Augsburg
16%
74 Ligue 1 Montpellier
15%
74 Ligue 1 Stade de Reims
15%
76 Premier League AFC Bournemouth
14%
75 Süper Lig Trabzonspor
13%
77 Ligue 1 LOSC Lille
12%
74 Czech First League Slavia Praha
9%
75 Brasil Serie A Atletico Mineiro
8%
74 La Liga Leganes
7%
74 Brasil Serie A Internacional
6%
75 La Liga Celta de Vigo
4%
75 Greek Super League Olympiakos Piraeus
4%
75 Primeira Liga Sporting Braga
3%
76 Bundesliga TSG Hoffenheim
3%
74 Brasil Serie A Athletico Paranaense
2%
74 Brasil Serie A RB Bragantino
2%
75 Ligue 1 Stade Brestois 29
2%
75 Bundesliga FC Union Berlin
1%
No matching quizzes found
Score Distribution
Percent of People with Each Score
Percentile by Number Answered
Your Score History
You have not taken this quiz